00981nam a2200229 a 450000100100000000500170001000800410002702000180006804000250008608200160011111000320012724000180015924500490017726000370022630000200026350000620028359000260034595201290037195201140050095201200061499900170073400004663820201002053021.0180314s200- dr 000 0 spa d a9789945606041 aDO-SdBNPbspacBNPHU axxxxbR426L1 aRepública Dominicana944710a[Leyes, etc.]10aLey No. 489-08 :bsobre arbitraje comercial. aSanto Domingo :bDalis,c[s.f.]. a24 p. ;c22 cm. aPublicada en G. O. no. 10502, del 30 de diciembre de 2008 aInventariado, 2018/BT 001054708DSaGRbGRcHDd2018-03-14iLF1l0oxxxx R426Lp46638-30r2020-06-25te. 3w2020-06-25yLFDSZPréstamo en sala 0010718PDaPDbPDcHDd2018-03-14iLF1l0oxxxx R426Lp46638-10r2020-06-25w2020-06-25yLFPDZNo se presta 0010718PDaPDbPDcHDd2018-03-14iLF1l0oxxxx R426Lp46638-20r2020-06-25te. 2w2020-06-25yLFPDZNo se presta c46127d46127